Dans quel son ce rappeur dit : ... ? - Statistiques

Statistiques générales
  • Ce quiz a été pris 164 fois
  • Le résultat moyen est 4 sur 10
Statistiques - réponses
Question Réponse % Correct
PNL : "Sur scène elles fouillent dans mes poches, me laissent des 06. Plus que quand j'étais moche, plus que quand c'était la crise." Luz de Luna
64%
Damso : "J'viens à ton mariage en training pour bien t'manquer de respect. Car depuis qu'on se connaît, nan, jamais tu n'm'as phoné." N. J Respect R
64%
Freeze Corleone : "Ekip à vie comme Francesco Totti, c'est des cobayes, nous, des prototypes. Chen Zen, carte bleue, dans la défense, j'bombarde comme Marcelo TOTY." Hors ligne
55%
Ninho : "Agité comme un hooligan de Londres, j'suis leur papa, je les gronde, j'suis leur papa, je les gronde. On traîne dans les endroits sombres où tu resterais pas trente secondes." M.I.L.S 2.0
55%
Kaaris : "Depuis la cour au couloir, j'ai dû courir pour tout avoir. Je sais que le pouvoir de l'amour n'est rien face à l'amour du pouvoir." Paradis ou enfer
55%
Niska : "Les livraisons se font à vélo, les grands du tieks finissent alcoolo. Les sœurs des gens sont dans les tel-hô, les toxicos sont dans les bureaux." Medellín
45%
Alpha Wann : "On joue en club comme des footeux, à l'hôtel, on coupe la poire. Quand on arrive, elle est à nous la boîte, mes loups aboient, amenez-nous à boire." 1500
27%
Booba : "T'as un portefeuille à damier mais t'as rien à damer J'suis plus dangereux qu'un camé armé, qu'un Kaméhamé" Caramel
27%
SDM : "Histoire de ronds, moi, j'aime bien quand c'est carré, mon neuf millimètres brise des carrières." La zone
27%
Gazo : "Si t'es tombé sur un chien, ne sois pas choqué qu'il se lasse. Tu lui as montré ton côté chienne, sois pas étonné qu'il te laisse." Drill time
18%
Aucun quiz correspondant
Distribution des résultats
% des personnes avec chaque résultat
Percentile par nombre de réponses
Votre historique - résultats
Vous n’avez pas pris ce quiz